000 01319cam a2200277 4500
001 ##L130723
002 ##8793
008 050825n2005 000 0 eng u
020 _a0418827303
035 _a(Sirsi) u130723
041 0 _aeng
050 0 4 _a692.8 $2 18
110 2 _aJoint Contracts Tribunal
_93664
240 0 0 _aICSub/C 05
245 0 0 _aICSub/C
_bIntermediate Sub-Contract Conditions 2005
260 _aLondon
_bSweet and Maxwell
_c2005
300 _aiv, 48p.
_c30cm.
350 _a26.95
490 0 _aJCT Intermediate Subcontract Conditions (2005 Edition)
520 _aAppropriate for use with the JCT Intermediate Building Contract (2005 Edition) for subcontract works which the subcontractor is not designing. The contract can be used where the works are to be carried out in sections, on an adjusted subcontract sum basis or complete remeasurement. This form is not suitable where the subcontractor is to design any part of the subcontract works or is named in the main contract.
650 2 4 _aJCT INTERMEDIATE SUBCONTRACT CONDITIONS (2005 EDITION)
650 2 4 _aJCT INTERMEDIATE BUILDING CONTRACT (2005 EDITION)
651 4 _aUnited Kingdom
_y
690 _aBUILT ENVIRONMENT-BUILDING CONTRACT FORMS-STANDARD FORMS OF BUILDING CONTRACT-JOINT CONTRACTS TRIBUNAL CONTRACTS
942 _n0
999 _c104537
_d104537